000 00727cam a2200265 4500500
005 20260405003109.0
041 _afre
042 _adc
100 1 0 _aTenaillon, Nicolas
_eauthor
245 0 0 _aPourquoi aimons-nous ramasser des coquillages ?
260 _c2020.
500 _a58
690 _aBiologie
690 _aCoquillage
690 _aLévi-Strauss
690 _aMer
690 _aMollusque
690 _aParure
690 _aPlage
690 _aRousseau
690 _aVacances
690 _aValéry
786 0 _nPhilosophie magazine | 141 | 8 | 2020-08-01 | p. 47-47 | 1951-1787
856 4 1 _uhttps://shs.cairn.info/magazine-philosophie-magazine-2020-8-page-47?lang=fr&redirect-ssocas=7080
999 _c2064340
_d2064340